| 000 | 00702nacaa2200229 a 4500 | ||
|---|---|---|---|
| 001 | 38168 | ||
| 003 | (BD-RjUL) | ||
| 005 | 20211209052736.0 | ||
| 008 | 150920b2003 ii ||||g |||| 00| 0 eng d | ||
| 035 | _a(BD-RjUL)38273 | ||
| 040 |
_aBD-RjUL _beng |
||
| 082 |
_223 _a782.6 _bSHA |
||
| 100 |
_aShankar, Ravi. _9118088 |
||
| 245 |
_aClassics Collection : _bMeera/ _cRavi Shankar _h[sound recording] |
||
| 260 |
_aMumbai : _bUniversla Music Pvt. Ltd., _cc & p 2003. |
||
| 300 |
_a1 sound disc : _bdigital; _c4 3/4 in. |
||
| 600 |
_aShankar, Ravi. _9118088 |
||
| 650 |
_aMusic _zIndia _9118089 |
||
| 650 |
_aLyrics _zIndia _9118090 |
||
| 942 |
_2ddc _cAVM |
||
| 999 |
_c38168 _d38168 |
||